000 00329pab a2200133 454500
008 180718b1989 xxu||||| |||| 00| 0 eng d
245 _aSpecial issue on the helth system and inequalities
260 _c1989
300 _a215-97
362 _aJul.-Sept.
650 _aHealth Services
773 _aSocial Action
909 _a10083
999 _c10083
_d10083